000 00283nam a2200109 4500
008 160624b xxu||||| |||| 00| 0 eng d
100 _9985
_a Macgregor, A.J
245 _aLost at the Fair
260 _aEng
_b Wills & Hepworth Ltd.
_c1948
300 _aLost at the Fair
942 _2ddc
_cBK
999 _c786
_d786